00576cam a22001457a 4500008004000000082001700040100002200057245008700079260005700166300001000223440006200233650002800295999001900323952008800342180718b1965 xxu||||| |||| 00| 0 eng d aT441x73 T482 aKessel, Reuben A. aThe cyclical behavior of the term structure of interest ratescby Reuben A. Kessel aNew YorkbNational Bureau of Economic Researchc1965 a113p. aNational Bureau of Economic Research Occasional Paper, 91 aInterest Rates - U.S.A. c369042d369042 00104070aIIPAbIIPAd1994-05-30oT441x73 T482p37383r2018-07-21w2018-07-21yBK